00406nam a22001452 4500001001100000005001700011008004100028040001500069050001800084100002900102245002900131260004600160300001100206651004300217000000316320151217155819.0070430s xx 000 0 eng d aKABUcKABU 0aHN773.5b.L561 aLloyd, P. C.@000015285410aAfrica in Social change. aHammondsworth, England :bPenguin,c1967. a362 p. 0aAfricaxSocial Conditions.@0000152855